000 00522nam a22001817a 4500
005 20260422130617.0
008 260422b |||||||| |||| 00| 0 eng d
020 _a 9781611976090
040 _cSDCL
041 _2eng
_aeng
084 _aB3:(T)g R0
100 _aHigham, Nicholas J.
_9991769
245 _aHandbook of Writing for the Mathematical Sciences
250 _a3rd
260 _aPhiladelphia :
_bSIAM - Society for Industrial and Applied Mathematics,
_c2020.
300 _axxi, 353p.
942 _2CC
_cTEXL
999 _c1848377
_d1848377